00714nam a2200193 i 450000100060000000300090000600500170001500700030003200800410003510000250007624501730010125000240027426000810029830000410037970000210042070000200044170000280046185200310048928013ES-MaACL20230906153739.0t|030116s1946 ag ||||1| spa d1 aBailey, Frederick R.10aHistología / cFrederick R. Bailey ; undécima edición revisada por Philip E. Smith... ; traducción y notas por José Pandra... ; prólogo de Manuel E. Varela. a1ª ed. castellana. aBuenos Aires : bLópez Etchegoyen, c1946 (fLa prensa médica argentina) a907 p., 16 lám. : bil. ; c23 cm.1 aSmith, Philip E.1 aPandra, José.1 aVarela, Manuel Enrique. aES-MaACLjC-4080 bR.23681